Normal view
MARC view
Entry Personal Name
001 - CONTROL NUMBER
- control field: 1239736
003 - CONTROL NUMBER IDENTIFIER
- control field: OSt
005 - DATE AND TIME OF LATEST TRANSACTION
- control field: 20260514122618.0
008 - FIXED-LENGTH DATA ELEMENTS
- fixed length control field: 260514|| aca||aabn | a|a d
040 ## - CATALOGING SOURCE
- Original cataloging agency: OSt
- Transcribing agency: OSt
100 ## - HEADING--PERSONAL NAME
- Personal name: Dr.Anil Kumar Sarda
670 ## - SOURCE DATA FOUND
- Source citation: Work cat.: (OSt)1851542: Dr.Suresh R. 1239735, To Compare the Radio Frequency Ablation and Fistulectomy for the Management of Low Anal Fistula.
